[Event "Dortmund SuperGM 24th"]
[Site "Dortmund"]
[Date "1996.07.06"]
[Round "2"]
[White "Polgar, Judit"]
[Black "Kramnik, Vladimir"]
[Result "0-1"]
[WhiteElo "2665"]
[BlackElo "2765"]
[Annotator "Boensch,U"]
[PlyCount "132"]
[EventDate "1996.07.05"]
[EventType "tourn"]
[EventRounds "9"]
[EventCountry "GER"]
[EventCategory "18"]
[SourceTitle "CBM 054"]
[Source "ChessBase"]
[SourceDate "1996.10.01"]
[SourceVersion "1"]
[SourceVersionDate "1996.10.01"]
[SourceQuality "1"]

1. e4 c5 2. Nf3 Nc6 3. d4 cxd4 4. Nxd4 Nf6 5. Nc3 d6 6. Bc4 Qb6 7. Nb3 e6 8.
Bf4 Ne5 9. Be2 Bd7 10. Be3 (10. O-O Be7 11. Be3 Qc7 12. Nd2 Bc6 13. a4 Ned7 14.
f4 O-O 15. Bf3 Rfd8 $13 {Smirin,I-Ruban,V/Tilburg/1994/0:1/46/}) 10... Qc7 11.
Nb5 (11. f4 Nc4 12. Bxc4 Qxc4 13. Qf3 Bc6 14. Nd4 Be7 15. O-O-O d5 16. e5 Ne4
17. Nxe4 dxe4 18. Qg3 Qxa2 19. Qxg7 Rf8 20. Nxc6 bxc6 21. Qxh7 Bb4 22. c4 Bc3 {
0-1 Saulin,D-Dragomarezkij,E/Moscow op2 (05) ;EXP 50 1995}) 11... Bxb5 (11...
Qb8 12. f4 Neg4 (12... Ng6 13. f5 $5 exf5 14. exf5 Ne5 15. Qd4 a6 16. Nc3 Bxf5
17. O-O Be6 18. Rxf6 $1 (18. Rad1 Be7 $17) 18... gxf6 19. Nd5 $44 {Sokolov,
A-Nevednichy,V/JUG-chT Tivat (01) ;EXP 48 1995/1-0 (57)}) 13. Bxg4 Bxb5 14. Bf3
Be7 (14... e5 15. a4 Bc6 16. Qd3 Be7 17. c4 O-O 18. f5 $14 {Lastin,
A-Dragomarezkij,E/Moscow/1995/1:0/55/}) 15. Nd4 Bd7 16. Qd3 Qc7 17. O-O a6 18.
c4 O-O 19. b4 $1 $14 {1-0 Sokolov,A-Khasin,Al/RUS-ch Elista (07) ;CBM 44 1994 
(48)}) 12. Bxb5+ Nc6 13. Qf3 $146 (13. Bd3 Be7 14. O-O O-O 15. f4 Nb4 16. Nd4
Rfe8 17. Qf3 Nxd3 18. cxd3 Qa5 19. a3 Qa6 20. Rad1 Bd8 21. g4 Nd7 22. Kh1 Bb6
23. Nc2 Bxe3 24. Qxe3 Qb6 25. Qxb6 Nxb6 $10 {Zontakh,A-Kozul,Z/Portoroz op ;
EXP 46 1995/0-1 (72)}) (13. Nd2 d5 14. exd5 Nxd5 15. Qf3 Be7 16. Bxc6+ Qxc6 17.
c4 Nb4 18. Qxc6+ Nxc6 19. Ke2 O-O-O 20. Nf3 {1/2-1/2 Sokolov,A-Belikov,V/
RUS-ch Elista (01) ;CBM 50 1995}) 13... a6 14. Bd3 d5 $1 15. exd5 Nxd5 16. Be4
Ne5 17. Qe2 (17. Qg3 Nxe3 18. Qxe3 (18. fxe3 O-O-O $15) 18... Bd6 $15) 17...
Nxe3 18. Qxe3 Bd6 19. Qc3 (19. O-O-O Nc4 20. Qf3 O-O-O $15) 19... Qxc3+ 20.
bxc3 Rb8 $15 {[%csl Ga2,Gc2,Gc3]} 21. g3 Ke7 22. f4 Nc4 23. a4 Rhc8 24. Nd4 Bc7
25. Nb3 (25. Rb1 Nd6 26. Bd3 Ba5 27. Ne2 Bxc3+ 28. Nxc3 Rxc3 29. Bxa6 Rxc2 $17)
25... Bb6 26. Bd3 Nd6 27. Kd2 Rc7 28. a5 Ba7 29. Rhe1 g6 30. Nd4 Rbc8 31. Ne2
Rc5 $17 32. Reb1 Rh5 (32... Bb8 $19 {/\ Bc7}) 33. h4 Rcc5 34. Rb4 Rxa5 $19 35.
Rab1 Bc5 36. Rxb7+ Nxb7 37. Rxb7+ Kf8 38. Nd4 Ra1 (38... Rd5 $6 39. Nc6 (39.
Nb3 $2 Ra4 $19) 39... Rb5 40. Rc7 Rb1 41. c4 Rd6 42. Ne5 Bb4+ 43. Ke2 $15) 39.
Nf3 Be7 (39... Bf2 $6 40. g4 Rd5 41. c4 $15) 40. Ne5 Rg1 (40... f6 $2 41. Nc6
Ba3 42. Nd4 $13) 41. Rb8+ Kg7 42. Rb7 Rxe5 43. fxe5 Bf8 44. c4 $2 (44. Bxa6
Rxg3 45. Bb5 $132 {/\ Be8}) 44... Rxg3 45. Rc7 Bb4+ 46. Ke2 Rg1 47. Ke3 (47. c5
Re1+ 48. Kf3 Rxe5 $19) 47... Bc3 48. c5 Ra1 49. Rc6 (49. Bc4 Bxe5 50. Ra7 Kf6
51. c6 Ra3+ 52. Bd3 Rc3 53. Rxa6 h5 $19) (49. Ra7 Ra5 50. c6 Rc5 51. Rxa6 Bxe5
$19) 49... Ra4 50. Bxa6 Rxh4 51. Rc8 Bxe5 52. c4 (52. c6 Kf6 53. Bd3 (53. c7
Rh3+ 54. Ke4 Rc3 $19) 53... Rb4 54. c4 (54. c7 Rb7 $19) 54... Rb8 $19) 52...
Rh3+ 53. Ke4 Bb2 54. Rc7 (54. c6 f5+ 55. Kf4 e5+ 56. Kg5 h6#) 54... Kf8 55.
Rc8+ (55. Kf4 h6 56. Rd7 (56. Rb7 Bd4 57. Rd7 (57. c6 f5 $19) 57... Bxc5 $19)
56... f5 $19) 55... Ke7 56. Rc7+ Kf8 57. Rc8+ Kg7 58. Rc7 Rh5 59. Rb7 (59. c6
Re5+ 60. Kd3 Rc5 61. Bb5 h5 $19) 59... Rh4+ 60. Kd3 Rh3+ 61. Kc2 Be5 62. Bb5 (
62. c6 Ra3 63. Bb5 Ra8 $19) 62... g5 63. Be8 (63. c6 g4 64. c7 Bxc7 65. Rxc7 g3
66. Bc6 g2 67. Bxg2 Rh2 $19) 63... Rf3 64. Kd2 (64. c6 Kf8 65. Bd7 Rc3+ $19)
64... g4 65. Bc6 Rf4 66. Ke2 g3 0-1

[Event "Dortmund SuperGM 24th"]
[Site "Dortmund"]
[Date "1996.07.10"]
[Round "5"]
[White "Kramnik, Vladimir"]
[Black "Leko, Peter"]
[Result "1/2-1/2"]
[WhiteElo "2765"]
[BlackElo "2630"]
[Annotator "Leko,P"]
[PlyCount "45"]
[EventDate "1996.07.05"]
[EventType "tourn"]
[EventRounds "9"]
[EventCountry "GER"]
[EventCategory "18"]
[SourceTitle "CBM 054"]
[Source "ChessBase"]
[SourceDate "1996.10.01"]
[SourceVersion "1"]
[SourceVersionDate "1996.10.01"]
[SourceQuality "1"]

1. Nf3 {Ftacnik} Nf6 2. c4 g6 3. Nc3 d5 4. cxd5 Nxd5 5. e4 Nxc3 6. bxc3 Bg7 7.
d4 c5 8. Rb1 $5 {Am gefährlichsten} O-O 9. Be2 cxd4 10. cxd4 Qa5+ 11. Bd2 Qxa2
12. O-O a5 $5 {Die aktuelle Variante} 13. Qc1 (13. Bg5 $5) 13... Bg4 $1 {
Black is trying to combine the counterplay with a pawn and pressure against
the white center.} (13... Qe6 14. Bc4 Qxe4 (14... Qc6 15. Bh6 Nd7 16. d5 Qc7
17. Bxg7 Kxg7 18. Qb2+ Kg8 19. Rbc1 Qb6 20. Qd2 Qf6 21. Ba2 a4 22. Rfe1 Ne5 23.
Nd4 g5 {0-1 Castillo,A-Cardenas,S/Cordoba op/1991/ (40)}) (14... Qd7 15. Ne5
Qd8 16. Bh6 Nc6 17. Bxg7 Kxg7 18. Nxc6 bxc6 19. Qc3 Kg8 20. Rfd1 a4 21. Ba2 Bd7
22. Qb4 {Lingnau,C-Fogarasi,T/Zalaegerszeg op/1992/1/2-1/2 (62)}) 15. Bxf7+ $1
(15. Bxf7+ {Ftacnik} Rxf7 (15... Kh8 16. Ng5 Qxd4 17. Be6 Nc6 18. Rb3 Bxe6 19.
Nxe6 Qd5 20. Re3 Rfc8 21. Bc3 Bf6 22. Qa1 Qf5 23. Rfe1 Nb4 24. Rf3 Bxc3 25.
Rxc3 Rxc3 26. Qxc3+ Qf6 {0-1 Bonin,J-Greanias,S/New York op (05)/1992/ (38)})
16. Qxc8+ Rf8 17. Qc4+ e6 18. Rb5 (18. Ne5 Qd5 19. Qxd5 exd5 20. Rxb7 Bxe5 $8
21. dxe5 Nc6 22. e6 {Sapis,W-Markowski,D/Koszalin/1992/} (22. e6 Rf6 23. Re1
Re8 24. Rd7 Rfxe6 25. Rxe6 Rxe6 26. Rxd5 $10)) 18... Qc6 19. Rc5 Qa6 20. Qa2
Qd6 21. Re1 Ra6 22. Rxa5 Rxa5 23. Bxa5 Qd5 24. Qxd5 exd5 25. Rb1 Nc6 26. Bc3
Rf7 {Dridi,A-Tsuboi,E/Novi Sad olm (09)/1990/1-0 (70)}) (15. Re1 Qf5 (15... Qc6
16. Rxe7 Bf6 17. Ne5 Bxe7 18. Nxc6 Nxc6 19. Bc3 Bf5 20. d5 Bb4 21. Bf6 Be7 22.
Ba1 {1-0 Bagaturov,G-Kalod,R/Brno-C (03)/1994/ (27)}) 16. Rb5 Qd7 17. Bh6 (17.
Ne5 Qe8 18. Bg5 Nc6 19. Nxc6 bxc6 20. Rxe7 cxb5 21. Rxe8 Rxe8 22. Bxb5 Bf5 23.
Bxe8 Rxe8 24. h3 Bxd4 25. Qd2 Bg7 {1/2-1/2 Kargoll,B-Kalod,R/Brno-C (06)/1994/}
) 17... a4 18. Rd5 Qc6 19. Rc5 Qb6 20. Rxc8 Nc6 21. Bxf7+ Kh8 22. Rxa8 Rxa8 23.
Bxg7+ Kxg7 24. Ba2 a3 25. d5 Nb4 26. Qa1+ Kh6 {1-0 Sjodin,B-Zezulkin,J/
Stockholm op/1992/})) 14. Bc4 (14. Rxb7 Rc8 15. Rc7 Rxc7 16. Qxc7 Bxf3 17. Bxf3
(17. Qd8+ $2 Bf8 18. Bh6 Nd7 $1 19. Qxa8 Bxe2 $19) 17... Qxd2 18. Qb7 Ra6 19.
Qxb8+ Bf8 $10) 14... Qa4 15. Bb5 Qa2 16. Bc4 Qa4 17. Rxb7 $1 {Kramniks
Hausanalyse.} (17. Ng5 {Ftacnik} Na6 18. Nxf7 Rxf7 19. Rxb7 Rc8 20. Bxf7+ Kxf7
21. Bc3 Be2 22. Qf4+ Bf6 23. Ra1 Qc6 24. Rb3 Kg8 25. e5 Bg7 26. Bxa5 Qd5 27.
Rbb1 {1-0 Vaisser,A-Jasnikowski,Z/Cappelle op (04)/1994/ (37)}) 17... Bxf3 $1 {
Ich mußte 50 Minuten überlegen , um seine Analyse zu entkräften. Zuerst konnte
ich gar nicht glauben, daß 17..Bxf3 funktioniert.} (17... Rc8 18. Bb5 Qa2 (
18... Rxc1 19. Bxa4 Rxf1+ 20. Kxf1 Bxf3 21. gxf3 Bxd4 22. Rxe7 $16) 19. Rc7 Na6
20. Bxa6 Rxc7 21. Qxc7 Bxf3 22. Bb7 Rf8 23. Bg5 $18) 18. gxf3 (18. Bb5 $2 Qb3
19. gxf3 Qxf3 $19) 18... Nc6 $3 {Ftacnik: By standard meassures black's move
should be forbidden, but some very fine tactics is at work.} 19. Bb5 (19. Bb3
Qxd4 20. Be3 Qf6 21. Rb6 Nd4 $1) (19. Be3 Nxd4 20. Bxd4 Bxd4 $15) 19... Qxb5
20. Rxb5 Nxd4 21. Rxa5 (21. Qc5 Nxf3+ (21... Rac8 22. Qxe7 Nxb5 23. Bxa5 Nd4
24. Kg2 Nc6 25. Qc5 Nxa5 26. Qxa5 $16) 22. Kg2 Nxd2 23. Re1 a4 $44 (23... a4 {
Ftacnik} 24. Qxe7 a3 (24... Rfe8 25. Qc7 a3 26. Rb7 Rf8 27. e5 a2 28. Ra1 $18)
25. e5 a2 26. Ra1 Nc4 27. Rc5 Rfe8 28. Rxa2 $1 $18)) 21... Ne2+ 22. Kg2 Nxc1
23. Rxc1 1/2-1/2

[Event "Dortmund SuperGM 24th"]
[Site "Dortmund"]
[Date "1996.07.11"]
[Round "6"]
[White "Huebner, Robert"]
[Black "Kramnik, Vladimir"]
[Result "0-1"]
[WhiteElo "2595"]
[BlackElo "2765"]
[Annotator "Kramnik,V"]
[PlyCount "54"]
[EventDate "1996.07.05"]
[EventType "tourn"]
[EventRounds "9"]
[EventCountry "GER"]
[EventCategory "18"]
[SourceTitle "CBM 054"]
[Source "ChessBase"]
[SourceDate "1996.10.01"]
[SourceVersion "1"]
[SourceVersionDate "1996.10.01"]
[SourceQuality "1"]

1. e4 {Petursson Boensch HarZvi Dolmatov Gutman,L} c5 2. Nf3 d6 3. d4 cxd4 4.
Nxd4 Nf6 5. Nc3 Nc6 6. Bg5 e6 7. Qd2 a6 8. O-O-O h6 9. Be3 Be7 10. f4 Nxd4 11.
Bxd4 b5 12. Bd3 (12. Kb1 {Har Zvi,R} b4 13. Na4 Nxe4 14. Qxb4 d5 15. Qe1 Bf6
16. Bd3 $1 Bd7 17. Bxe4 Bxa4 18. Bxf6 Qxf6 19. Qb4 $16 {Kolev,At-Tukmakov,V
Elenite 64/208}) (12. Bxf6 {Har Zvi,R} Bxf6 $1 (12... gxf6 13. Bd3 $14) 13.
Qxd6 Qxd6 14. Rxd6 Bb7 15. e5 Be7 16. Rd1 (16. Rb6 O-O-O 17. a4 Bc5 18. Rxb7
Kxb7 19. axb5 axb5 20. Bxb5 Be3+ 21. Kb1 Bxf4 22. Rf1 Bxe5 23. Rxf7+ Kb6 $17)
16... g5 $1 $15 17. Bd3 Bxg2 18. Rhg1 Bc6 19. Be4 (19. f5 O-O-O $1 20. Rgf1 (
20. fxe6 fxe6 21. a4 bxa4 $15 {Makarycev}) 20... g4 21. f6 Bc5 22. Rde1 Bd4 23.
Be4 Be8 {with a big advantage for black,who won quite easily Shirov,A-Lobron,E
Dortmund 1996 it is very strange to understand why Shirov played this bad line?
}) 19... Rc8 20. Kb1 $15 {Dolmatov-Makarycev SSSR (ch) 1980 30/398}) (12. Qe3 {
Boensch} Qc7 13. e5 dxe5 14. Bxe5 Ng4 15. Qf3 Nxe5 16. Qxa8 Nd7 17. g3 Nb6 18.
Qf3 Bb7 19. Ne4 f5 20. Qh5+ Kf8 21. Nf2 Bf6 22. Bd3 Na4 23. Rhe1 Bxb2+ 24. Kb1
Bd5 $19 {Ivanchuk,V-Kramnik,V/Dos Hermanas/1996/0:1/32/}) 12... b4 (12... Bb7 {
Dolmatov} 13. Rhe1 O-O 14. Kb1 $13) 13. Ne2 {Wieder eine gesunde Strategie -
der Springer steht im Zentrum besser.} (13. Na4 {Dolmatov} Rb8 14. e5 dxe5 (
14... Nd5 {Har Zvi,R and the knight on a4 is out of the game}) 15. Bxe5 Bd7 16.
f5 (16. b3 {Boensch} Bxa4 17. bxa4 O-O 18. Bxb8 Qxb8 $44 {Polgar,J-Kramnik,V/
Moscow PCA-GP (3.1) 25' ;EXP 52 1996/0-1 (65)}) 16... Bxa4 17. fxe6 O-O 18.
exf7+ Rxf7 19. Bxb8 Qxb8 20. Bc4 {Dvoirys,S-Khalifman,A/Simferopol/1988/})
13... Qa5 (13... e5 14. Be3 (14. fxe5 dxe5 15. Bxe5 Qa5) 14... Qa5 (14... Rb8 {
Boensch} 15. Rhf1 (15. h3 O-O 16. fxe5 (16. g4 d5 17. fxe5 Nxe4 18. Bxe4 dxe4
$13) 16... dxe5 17. g4 Qa5 18. Kb1 Rd8 19. Ng3 Ne8 $5 20. Nf5 Bf8 21. Qe2 Be6
22. Bc4 Bxc4 23. Qxc4 Qb5 $1 $10 {0-1 Luther,T-Khalifman,A/Hastings9596 (04) ;
CBM 51 1996 (48)}) 15... O-O 16. Kb1 Qa5 17. fxe5 dxe5 18. Ng3 Be6 19. b3 Ng4
20. Bg1 Bc5 $10 {Dvoirys,S-Serper,G/Novgorod op (07) ;EXP 49 1995/1/2-1/2 (64)}
)) 14. Kb1 (14. Bxf6 $6 {sicher nicht (,,eine antipositionelle Idee" W.
Gavrikow)} Bxf6 15. Bc4 O-O 16. Qxd6 Bb7 {mit gutem Spiel für Schwarz,
Short-Salow, Madrid 1995}) (14. a3 {Har Zvi,R} e5 15. Be3 Rb8) 14... e5 15. Be3
{[#]} (15. Bf2 Be6 16. Nc1 exf4 17. Qxf4 Qe5 $10 {1/2-1/2 Shmuter,L-Kiselev,S/
Pula op (8/13) 1990 (33)}) 15... O-O {Gutman: W.Kramnik ist mit den Nuancen
dieses modernen Systems bestens bekannt. Wenn Schwarz in dieser Stellung nicht
rochieren kann, um Gegenspiel im Zentrum vorzubereiten, dann kann man diese
Variante vergessen.} (15... Be6 16. b3 Ng4 17. Bg1 (17. f5 {Gutman,L} Bd7 18.
Ng3 Nf6 19. Qe2 Bb5 20. Bc1 O-O 21. Nh5 Nxh5 22. Qxh5 Rfc8 23. Rhf1 Qc7 {
Verspricht weniger, Dwoiris-Makarow, Budapest 1992}) 17... exf4 18. Nxf4 Ne5
19. Bd4 O-O {Dwoiris-Makarow, Tscheljabinsk 1990} 20. Bb2 {Ergibt eine
günstigere Stellung für Weiß und kommt für W.Kramnik nicht in Frage.}) (15...
Ng4 16. Bc4 O-O 17. h3 Nf6 18. Ng3 Qc7 19. b3 Be6 $10 {1/2-1/2 Brodskij,
M-Makarov,M/URS-ch58 (08) 1991 (45)}) 16. Rhe1 $6 {Gutman: Laut W.Kramnik ist
die zentrale Strategie von Huebner hier weniger sinnvoll, aber mit 16.Thf1
oder mit 16.h3 konnte Weiß auch nichts erreichen.} (16. Rhf1 Rb8 17. fxe5 dxe5
18. Ng3 $10 {Dwoiris-Serper, Novgorod 1995}) (16. Ng3) (16. h3 Rb8 (16... Rd8 {
Har Zvi,R} 17. g4 d5 $13) (16... Bb7 17. Ng3 $13) (16... Be6 17. Nc1 d5 (17...
exf4 18. Bxf4 Nd7 {1/2-1/2 Dimitrov,V-Zontakh,A/Pozarevac (06) ;EXP 49 1995}))
17. fxe5 dxe5 18. g4 $10 {Luther-Khalifman, Hastings 1995/96}) (16. Nc1 $5 Bb7
17. Nb3 Qa4 18. fxe5 dxe5 19. Bc5) (16. Bc4 Bb7 (16... Nxe4 17. Qd5 Qxd5 18.
Bxd5 Bf5 19. Bxa8 Rxa8)) 16... Rb8 (16... Rd8 17. c4 $1 bxc3 (17... Bb7 18. Ng3
Ng4 19. Bg1 exf4 20. Qxf4 Ne5 21. Nf5 Bg5 22. Qg3 {Und der weiße Turm steht
"goldrichtig" auf e1.}) 18. Qxc3 (18. Nxc3 Qc7 $13 (18... Qc7 19. h3 {Und Weiß
hat mehr vom Spiel.})) 18... Qxc3 (18... Qa4 $5 19. Bb6 Rd7 20. b3 Qa3) 19.
Nxc3 Bb7 $10) 17. Nc1 (17. Ng3 Rd8 $132) (17. c4 bxc3 18. Nxc3 Rb4 {Mit
Gegenspiel}) (17. h3 $5 {Har Zvi,R white lost the game because of this square
once black played Bg4 and after Ng4, I think this is the correct move.} Rd8)
17... Rd8 {Keine Zeit verlieren!} (17... Qc7 $5 18. h3 Rd8 19. Qf2 (19. g4 d5
$1) (19. Bg1 $1 {Weiß verhindert den sofortigen Gegenstoß im Zentrum d6-d5 und
behält bessere Aussichten.}) 19... d5 20. fxe5 Nxe4 21. Bxe4 dxe4 22. Rxd8+
Bxd8 $13 23. Bf4 Be6 24. Rxe4 a5 $44) (17... Bg4 18. Nb3 Qc7 19. Rc1 exf4 20.
Bxf4 $14) 18. Ba7 (18. h3 exf4 {Boensch} (18... d5 19. exd5 (19. Nb3 Qc7 20.
fxe5 Nxe4) 19... Nxd5 (19... e4 20. Bc4) 20. Nb3 Qc7 21. fxe5 $13) 19. Bxf4 Be6
20. Nb3 Qa4 $10) 18... Rb7 {Hier steht der Turm aktiver!} (18... Ra8 $5 19. Bg1
Bg4 (19... Qc7 $13) (19... Qc7 20. h3) 20. Nb3 Qc7 21. Rc1 a5 22. c3 bxc3 23.
Rxc3 (23. Qxc3 Qxc3 24. Rxc3 exf4 25. Nd4 Bf8) 23... Qb7 $13 24. Qc1 $1 {Gutman
} Rdc8 25. f5 {Mit zwei Drohungen: 26. Sxa5 oder 26.h3}) 19. Bg1 Bg4 20. Nb3 (
20. Ne2 $2 d5 $1 21. fxe5 (21. exd5 Nxd5 22. fxe5 Nc3+ $19) 21... dxe4 22. exf6
Bxf6 23. Qf4 exd3 24. Qxg4 dxc2+ 25. Kxc2 Qa4+ 26. Kc1 Rc7+ $19) 20... Qa4 (
20... Qc7 21. Rc1 d5 (21... a5 22. c3 $36) 22. exd5 (22. fxe5 Nxe4 23. Qf4 Be6
24. Rcd1 {Die zentrale Position der weißen Figuren verspricht Schwarz keinen
Ausgleich.}) 22... Nxd5 23. Rxe5 Bf6 24. Rxd5 Rxd5 25. Bh7+ Kxh7 26. Qxd5 Rb5
27. Qd2 $13 (27. Nc5 Qxf4 28. Qxf7 Rxc5 29. Bxc5 Qe5)) 21. Rc1 exf4 {Eine
kritische Stellung in dieser von beiden Großmeistern "optimal" gespielten
Partie.} (21... d5) (21... Rb5 $6 22. h3 (22. f5 d5) 22... Be6 23. f5 Ra5 24.
a3) 22. Qxf4 {Eine schablonenhafte Entscheidung. Hübner unterschätzt die
schwarzen Möglichkeiten,} (22. Nd4 $5 Nh5 $1 (22... d5 23. e5 Ne4 24. Bxe4 dxe4
25. Qxf4 $16 Be6 (25... Bh5 26. Qxe4) 26. Nxe6 fxe6 27. Qg4 (27. Qxe4) (27.
Qxe4 {Mit weißem Vorteil, W.Kramnik}) 27... Qc6 28. Rxe4 (28. Qxe4 Qxe4 29.
Rxe4 Rd2)) 23. h3 (23. Bc4 $5 Bg5 $5 (23... Bg5 $5 {(Mit unklarer Stellung, W.
Kramnik)} 24. Bb3 $1 Qe8 25. Qd3 {Mit weißem Druckspiel für den Bauern})) 23...
Be6 24. Nxe6 fxe6 25. Bc4 Qd7 $13 26. Bxa6 Rbb8) 22... Be6 23. Bd4 $2 (23. Rcd1
$1 Ng4 24. Bd4 $10) (23. Qf1 Rc8 24. e5 Nd5 $40) 23... Rb5 $1 {Har Zvi: /\Ra5
at first I thought this move is !! and black is winning by force or something
like this, and indeed the game ended in 4 moves! but that is all because of
white's terrible next move. Petursson: It is most unusual to see such a brutal
measure actually work in all variations. Mit eindeutiger Drohung 24....Ta5,
und 24.Lxb5 axb5 25.Tcd1 Ta8 kommt für Weiß nicht in Frage} (23... Ng4 24. e5
$5) 24. Qd2 $2 {Har Zvi: White failed to find the only move and now he is
losing by force the only move was 24.Rcd1 after which I can not see something
forced for black Robert Hübner war mit dem Partieverlauf bislang sehr
zufrieden. Dieser "Dekorationswechsel" kommt für ihn unerwartet und er
verliert die Fassung.} (24. Rcd1 $8 {now Ra5 is not so strong} Ng4 $1 (24...
Ra5 25. Nxa5 Qxa2+ 26. Kc1 Qa1+ (26... Qxa5 27. b3 $1 (27. h4 {Petursson} d5
28. e5 Ne4 $17 {the idea is} 29. Kb1 Nc3+ $1 30. bxc3 bxc3 $19)) 27. Kd2 Qxa5
28. Ra1 Qh5 29. Kc1 Ng4 (29... Nd5 30. Qf3) 30. Kb1 $13) (24... Rg5) 25. Bxb5 (
25. Nc1 Bg5 26. Qg3 Bxc1 27. b3 Qa3) 25... axb5 26. Nc1 Bg5 27. Qg3 Bxc1 28.
Kxc1 (28. b3 Qa3 $1 29. h3 (29. Rxc1 Ra8 30. Rcd1 Qxa2+ 31. Kc1 Rc8 32. Rd2
Bxb3) 29... Ra8 30. hxg4 Bg5 $1 31. Be3 Bf6 $19) 28... Rc8 29. Re2 Ne5 $5 (
29... Qxa2 30. Kd2) 30. Bxe5 (30. a3 Bb3) 30... dxe5 31. Qxe5 Bg4 (31... Qxa2
$40) (31... Qxa2 {Mit schwarzer Inintiative, W.Kramnik.}) 32. Rdd2 Bxe2 33.
Rxe2 Qxa2 $15 (33... Qxa2 34. Kd2 Qb1 35. Ke3 {Und Weiß kann sich erfolgreich
verteidigen.})) (24. Bxb5 axb5 (24... axb5 {Har Zvi,R} 25. Rcd1 Ra8 26. Nc1 (
26. Kc1 Ng4 $1 {and black is winning} (26... Ng4 27. Nd2 b3 $19)) 26... Bxa2+
27. Nxa2 Nd5 $1 28. exd5 Qxa2+ 29. Kc1 Bg5)) 24... Ng4 $1 {threatening Bg5,
really with out any defence for white} (24... Ra5 25. a3 (25. a3 bxa3 26. Qxa5
$16)) 25. c4 $2 (25. Bxb5 axb5 26. a3 (26. h3 Ra8 27. a3 bxa3 28. hxg4 axb2 29.
Kxb2 Qa3+ 30. Kc3 Rc8+ 31. Kd3 Bc4+ 32. Ke3 Bg5+ $19) 26... bxa3 27. bxa3 (27.
Qa5 $2 axb2 28. Bxb2 Bxb3) 27... Bg5 (27... Qxa3 28. Qa5) 28. Qb4 Qxb4 29. axb4
Bxc1 30. Rxc1 Nxh2 $17) (25. Rcd1 Bg5 26. Qe2 Ra5 27. a3 bxa3 28. Nxa5 (28. Bb6
axb2 $1 29. Bxa5 Bxb3 30. cxb3 Qa1+ 31. Kc2 Rc8+ 32. Bc4 Ne3+ 33. Qxe3 Qa2 {
finish}) 28... Qxd4 {with a winning attack}) 25... bxc3 26. bxc3 (26. Bxb5 Qxb3
$1 $19) (26. Qxc3 Rxb3 27. axb3 Bxb3 $19) (26. Rxc3 Bxb3 27. axb3 Qxd4 $19) (
26. Bxc3 {Har Zvi,R} Bg5) 26... Rxb3+ $1 (26... Bxb3 27. Bxb5 Qxb5 28. axb3
Qxb3+ 29. Qb2 $15) 27. axb3 Bxb3 (27... Bxb3 28. Qb2 (28. c4 Rb8) (28. Ba7 Rd7
29. Bb6 Rb7 $19) 28... Rb8 29. Re2 Ba2+ $19) 0-1